logo

Bir Sreshtho Munshi Abdur Rouf Library
Jhenaidah Cadet College

Organizing for the creative person / (Record no. 558)

MARC details
000 -LEADER
fixed length control field 01179pam a2200337 a 4500
001 - CONTROL NUMBER
JCCL Control Number 558
003 - CONTROL NUMBER IDENTIFIER
JCCL marc code BD-JhCC
005 - DATE AND TIME OF LATEST TRANSACTION
control field 20171007120932.0
008 - FIXED-LENGTH DATA ELEMENTS--GENERAL INFORMATION
fixed length control field 171007s1993 nyua b 001 0 eng d
020 ## - INTERNATIONAL STANDARD BOOK NUMBER
International Standard Book Number 0517881640 (pbk.) :
Terms of availability $14.00 (18.50 Can.)
020 ## - INTERNATIONAL STANDARD BOOK NUMBER
International Standard Book Number 0517591898 (hc) :
Terms of availability $20.00
035 ## - SYSTEM CONTROL NUMBER
system control number (BD-JhCC) 558
040 ## - CATALOGING SOURCE
Original cataloging agency DLC
Transcribing agency DLC
Modifying agency DLC
-- BD-JhCC
041 ## - LANGUAGE CODE
Language code of Book eng
050 00 - LIBRARY OF CONGRESS CALL NUMBER
Classification number HD69.T54
Item number L44 1993
082 00 - DEWEY DECIMAL CLASSIFICATION NUMBER
Classification number 650.1
DDC Edition number 20
Author mark and Year LEH 1993
100 1# - MAIN ENTRY--PERSONAL NAME
Personal name Lehmkuhl, Dorothy.
245 10 - TITLE STATEMENT
Title Organizing for the creative person /
Remainder of title right-brain styles for conquering clutter, mastering time, and reaching your goals
Statement of responsibility, etc Dorothy Lehmkuhl and Dolores Cotter Lamping.
250 ## - EDITION STATEMENT
Edition statement 1st ed.
260 ## - PUBLICATION, DISTRIBUTION, ETC. (IMPRINT)
Place of publication, distribution, etc New York :
Name of publisher, distributor, etc Crown Trade paperbacks,
Date of publication, distribution, etc c1993.
300 ## - PHYSICAL DESCRIPTION
Pagination viii, 216 p. :
Other physical details ill. ;
Dimensions 23 cm.
504 ## - BIBLIOGRAPHY, ETC. NOTE
Bibliography, etc Includes bibliographical references (p. 211-212) and index.
650 #0 - SUBJECT ADDED ENTRY--TOPICAL TERM
Topical term or geographic name as entry element Time management.
650 #0 - SUBJECT ADDED ENTRY--TOPICAL TERM
Topical term or geographic name as entry element Creative ability.
650 #0 - SUBJECT ADDED ENTRY--TOPICAL TERM
Topical term or geographic name as entry element Home economics
650 #0 - SUBJECT ADDED ENTRY--TOPICAL TERM
Topical term or geographic name as entry element Organizational behavior
700 1# - ADDED ENTRY--PERSONAL NAME
Personal name Lamping, Dolores Cotter.
856 42 - ELECTRONIC LOCATION AND ACCESS
Materials specified Publisher description
Uniform Resource Identifier http://www.loc.gov/catdir/description/random048/93014372.html
942 ## - ADDED ENTRY ELEMENTS (KOHA)
Source of classification or shelving scheme Dewey Decimal Classification
Koha item type Books
Holdings
Source of classification or shelving scheme Damaged status Not for loan Home library Current library Shelving location Date of accession Total Checkouts Full call number Barcode Date last seen Date checked out Copy number Koha item type
Dewey Decimal Classification     JCC Rouf Library JCC Rouf Library General Stacks 10/07/2017 1 650.1 LEH 1993 1126 01/20/2026 11/11/2025 C-1 Books

JCC Library | Contacts | JCC Home

Last Update on 23 September 2017
Copyright @ 2017-2020 JCC Rouf Library
Rouf Library, Jhenidah Cadet College (JCC), Bangladesh